000 00558nam a22001817a 4500
005 20251108173418.0
008 250721s9999 xx 000 0 ara d
082 1 4 _a615.32/رسو
100 1 _aبن رسول، يوسف بن عمر بن علي
245 1 0 _aالمعتمد في الأدوية المفردة /
264 1 _aالمنصورة :
_bمكتبة جزيرة الورد،
300 _a559ص
650 1 7 _aالادوية
650 1 7 _aالنباتات الطبية
650 1 7 _aالطب الشعبي
942 _2ddc
_cBK
999 _c103280
_d103280